Made according to pattern. (Record no. 2524)

000 -LEADER
fixed length control field 00735nam a2200217 a 4500
001 - CONTROL NUMBER
control field :::00000249$&:&@@
003 - CONTROL NUMBER IDENTIFIER
control field OkBaRHE
005 - DATE AND TIME OF LATEST TRANSACTION
control field 20091205155624.0
008 - FIXED-LENGTH DATA ELEMENTS--GENERAL INFORMATION
fixed length control field s1974 j 000 0 eng u
040 ## - CATALOGING SOURCE
Transcribing agency
100 1# - MAIN ENTRY--PERSONAL NAME
Personal name Slemming, C. W. (Charles William).
245 10 - TITLE STATEMENT
Title Made according to pattern.
260 ## - PUBLICATION, DISTRIBUTION, ETC. (IMPRINT)
Place of publication, distribution, etc Fort Washington, PA., :
Name of publisher, distributor, etc Christian Literature Crusade
Date of publication, distribution, etc 1974
300 ## - PHYSICAL DESCRIPTION
Extent 140 p. ;
Dimensions 19 cm.
650 ## - SUBJECT ADDED ENTRY--TOPICAL TERM
Topical term or geographic name as entry element Ark of the covenant.
650 ## - SUBJECT ADDED ENTRY--TOPICAL TERM
Topical term or geographic name as entry element Tabernacle.
650 ## - SUBJECT ADDED ENTRY--TOPICAL TERM
Topical term or geographic name as entry element Typology (Theology).
942 ## - ADDED ENTRY ELEMENTS (KOHA)
Source of classification or shelving scheme
Koha item type Books
Copies
Damaged status Copy number Source of classification or shelving scheme Date acquired Price effective from Permanent Location Date last seen Withdrawn status Shelving location Koha item type Full call number Not for loan Barcode Lost status
 1 2010-04-142010-04-14RHEMA Bible Training College2010-04-14 General StacksBooksBM 654 .S54 249 
 2 2010-04-142010-04-14RHEMA Bible Training College2010-04-14 General StacksBooksBM 654 .S54 16461